Les Simpson - Paroles de Spider Cochon - Statistiques

Statistiques générales
  • Ce quiz a été pris 409 fois
  • Le résultat moyen est 24 sur 28
Statistiques - réponses
Paroles Réponse % Correct
C... Cochon
100%
C... Cochon
100%
S... Spider
100%
S... Spider
100%
i... il
99%
a... au
97%
p... peut
97%
p... plafond
97%
m... marcher
92%
c... cochon
86%
f... faire
86%
p... peut
86%
u... une
86%
B... Bien
85%
c... c'est
85%
n... non
85%
q... que
85%
q... qu'il
85%
s... sûr
85%
u... un
85%
C... Cochon
84%
E... Est-ce
83%
S... Spider
83%
t... toile
82%
e... est
77%
l...
74%
g... garde
71%
P... Prends
68%
Aucun quiz correspondant
Distribution des résultats
% des personnes avec chaque résultat
Percentile par nombre de réponses
Votre historique - résultats
Vous n’avez pas pris ce quiz